• 首页
  • 本馆介绍
  • 公告通知
  • 最新文献
  • 馆藏检索
  • 电子资源
  • 读者导购
  • 参考咨询
  • 我的图书馆
  • 登录
  • 详细信息显示
  • 放入我的书架
  • 预约/预借图书
  • 作者相关作品
  • 分类相关作品
  • 丛书相关作品
  • 出版社相关作品

书目信息

  • 表格格式
  • 工作单格式
  • 卡片格式
题名:
把健康彻底说清楚
    
 
作者: 曲黎敏 著
分册:  
出版信息: 长春   北方妇女儿童出版社  2010
页数: 226页
开本: 24cm
丛书名: 名医养生全解
单 册:
中图分类: R161 , R212
科图分类:
主题词: 保健--基本知识 , 养生(中医)--基本知识
电子资源:
ISBN: 978-7-5385-4385-8
000 00873oam2 2200277 45
001 1138451703
005 20110419101045.10
010    @a978-7-5385-4385-8@dCNY29.80
100    @a20110411d2010 ekmy0chiy0120 ea
101 0  @achi
102    @aCN@b220000
105    @ay z 000yy
106    @ar
200 1  @a把健康彻底说清楚@ABa Jian Kang Che Di Shuo Qing Chu@f曲黎敏著@FQu Li Min Zhu
210    @a长春@c北方妇女儿童出版社@d2010
215    @a226页@c图@d24cm
225 2  @a名医养生全解@v01
330    @a本书内容包括:健康就在我们身边、所有的病都是被憋的病、做人就是养生、一切要做到无心才长寿、脾经能治大病等。
461  0 @12001 @a名医养生全解@v01
606 0  @a保健@x基本知识
606 0  @a养生(中医)@x基本知识
690    @aR161@v4
690    @aR212@v4
701  0 @a曲黎敏@AQu Li Min@4著
801  0 @aCN@bTANGWEI@c20110419
905    @b0535796-800@dR161@e200@f5
    
    把健康彻底说清楚/曲黎敏著.-长春:北方妇女儿童出版社,2010
    226页:图;24cm.-(名医养生全解;01)
    
    
    ISBN 978-7-5385-4385-8:CNY29.80
    本书内容包括:健康就在我们身边、所有的病都是被憋的病、做人就是养生、一切要做到无心才长寿、脾经能治大病等。
●
相关链接 在E读中查询图书 在五车中查询图书 在当当中查询图书 在豆瓣中查询图书


正题名:把健康彻底说清楚     索取号:R161/200         预约/预借

序号 登录号 条形码 馆藏地/架位号 状态 备注
1 0535796   205357969   第二样本阅览室/ [索取号:R161/200] 在馆    
2 0535797   205357978   第三借阅区/ [索取号:R161/200] 在馆    
3 0535798   205357987   第三借阅区/ [索取号:R161/200] 在馆    
4 0535799   205357996   第三借阅区/ [索取号:R161/200] 在馆    
5 0535800   205358003   教育系资料室/ [索取号:R161/200] 在馆    
唐山师范学院图书馆 欢迎您!
大连网信软件有限公司© 版权所有